| 000 | 00740cac a2200229 a 4500 | ||
|---|---|---|---|
| 003 | Co-PeBPM | ||
| 005 | 20241126195230.0 | ||
| 008 | 231129s1984||||xx |||||||||||||| ||spa|| | ||
| 020 | _a8482809288 | ||
| 040 | 0 |
_aCo-PeBPM _bspa _cCo-PeBPM _erda |
|
| 041 | 0 | _aspa | |
| 082 | 0 | 4 | _a813 A832u |
| 100 | 1 |
_aAsimov, Isaac _d1920-1992 _eautor |
|
| 245 | 1 | 0 |
_aFundación _c/ Isaac Asimov ; Traducción Pilar Giralt |
| 260 |
_aBogotá, Colombia _b: Editorial Oveja Negra _c, 1984 |
||
| 300 |
_a199 páginas _c; 20 centímetros |
||
| 650 | 1 | 4 |
_2LEMB _aNovela estadounidense |
| 650 | 1 | 4 |
_2LEMB _aGalaxias _xnovela |
| 650 | 1 | 4 |
_2LEMB _aNovela de ciencia ficción |
| 700 | 1 |
_aGiralt Gorina, Pilar _etraductora |
|
| 942 |
_2ddc _cBK |
||
| 999 |
_c14235 _d14235 |
||